| 000 | 01440nam a2200361 c 4500 | ||
|---|---|---|---|
| 999 |
_c159552 _d159552 |
||
| 003 | BLK | ||
| 005 | 20220518135304.0 | ||
| 008 | 180410b bul|||||r ||||||| ||bul|| | ||
| 010 | _aKNG00166723000 | ||
| 040 | _aBLK | ||
| 041 |
_aBUL _cBUL |
||
| 080 |
_aБългарска литература _b821.163.2 _x(081.2) _z821.163.2(081.2) |
||
| 080 |
_aБългарска литература _b821.163.2 _x-32 _z821.163.2-32 |
||
| 080 |
_aБългарска литература _b821.163.2 _x-93-32 _z821.163.2-93-32 |
||
| 100 | 1 |
_aВазов, Иван Минчов _eпърви автор _9363396 |
|
| 139 |
_aВазов, Иван Минчов _bВ 15 |
||
| 245 | 1 | 0 |
_aИзбрани разкази _cИван Минчов Вазов; предг. от Петър Николов Динеков. |
| 250 | _a3. изд. | ||
| 257 | _aBGR | ||
| 260 |
_aСофия _bБълг. писател _c1965 |
||
| 300 |
_a336 с. _c25 см |
||
| 380 | _aX | ||
| 490 | 1 | _aБиблиотека за ученика | |
| 500 | _a1. изд. 1950. - 80 100 тир. | ||
| 653 | _aбългарска литература | ||
| 653 | _aразкази | ||
| 700 | 1 |
_aДинеков, Петър Николов _eпредг. от _9363799 |
|
| 852 | _aЦб 34698 | ||
| 856 | 4 | _qpdf | |
| 856 | 4 | _qpdf | |
| 942 |
_cKNG _n0 _s1 |
||
| 944 |
_aCR _c30.10.2014 _l30.10.2014 - от С1,Р / 30.10.2014 _kИрена_Русанова |
||
| 944 |
_aED _c30.10.2014 _l30.10.2014 - от С1,Р / 30.10.2014 |
||
| 999 | _d159552 | ||